Ex USSR Countries - Statistics

General Stats
  • This quiz has been taken 497 times
    474 since last reset
  • The average score is 13 of 15
Answer Stats
Hint Answer % Correct
Ukraine Ukraine
95%
Litva Latvia
92%
Belarus Belarus
91%
Estonia Estonia
91%
Georgia Georgia
90%
Lithuania Lithuania
90%
Russia Russia
86%
Uzbekistan Uzbekistan
86%
Armenia Armenia
85%
Kazakhstan Kazakhstan
84%
Turkmenistan Turkmenistan
83%
Azerbaijan Azerbaijan
82%
Tajikistan Tajikistan
81%
Moldova Moldova
77%
Kyrgyzstan Kyrgyzstan
69%
No matching quizzes found
Score Distribution
Percent of People with Each Score
Percentile by Number Answered
Your Score History
You have not taken this quiz since the last reset